00311nam a2200109 a 450000500170000000800410001705000180005810000170007624500400009326000310013344000370016420140414132119.0111122s19uu xx 00 eng d aERbW72W 1996 aKidd, Ronald aA wonderful wind /cby Ronald Kidd. bAdvance publishers,c1996. aDisney's out and about with Pooh